Hodnotenie životného cyklu a ekonomickej efektívnosti vybraného výrobku diplomová práca

Gespeichert in:
Bibliographische Detailangaben
1. Verfasser: Jacková, Kristína
Körperschaft: Podnikovohospodárska fakulta EU so sídlom v Košiciach. Katedra marketingu a obchodu
Weitere Verfasser: Andrejovský, Pavol, 1975-
Format: Buch
Sprache:Slowakisch
Veröffentlicht: Košice 2012
Tags: Tag hinzufügen
Keine Tags, Fügen Sie das erste Tag hinzu!

MARC

LEADER 00000nbm a2200000 4500
001 0153213
005 20161109102057.3
041 0 |a slo 
044 |a SK 
245 1 0 |a Hodnotenie životného cyklu a ekonomickej efektívnosti vybraného výrobku  |b diplomová práca  |c Kristína Jacková ; školiteľ: Pavol Andrejovský 
264 1 |a Košice  |c 2012 
300 |a 80 s. 
100 1 |a Jacková, Kristína 
700 1 |a Andrejovský, Pavol, 1975- 
710 2 |a Podnikovohospodárska fakulta EU so sídlom v Košiciach. Katedra marketingu a obchodu